Boundary Layer Theory (Record no. 23508)
[ view plain ]
| 000 -LEADER | |
|---|---|
| fixed length control field | 00296nam a22000977a 4500 |
| 008 - FIXED-LENGTH DATA ELEMENTS--GENERAL INFORMATION | |
| fixed length control field | 131105b xxu||||| |||| 00| 0 eng d |
| 020 ## - INTERNATIONAL STANDARD BOOK NUMBER | |
| International Standard Book Number | 3540662707 |
| Terms of availability | Available |
| 245 ## - TITLE STATEMENT | |
| Title | Boundary Layer Theory |
| Statement of responsibility, etc. | K Gersten H. Schlichting |
| 250 ## - EDITION STATEMENT | |
| Edition statement | 8th Revised and Enlarged Edition |
| 260 ## - PUBLICATION, DISTRIBUTION, ETC. | |
| Place of publication, distribution, etc. | New York |
| Name of publisher, distributor, etc. | Springer |
| Date of publication, distribution, etc. | 2000 |
| Withdrawn status | Lost status | Source of classification or shelving scheme | Damaged status | Not for loan | Permanent Location | Current Location | Shelving location | Date acquired | Total Checkouts | Full call number | Barcode | Date last seen | Date last checked out | Price effective from | Koha item type | Total Renewals |
|---|---|---|---|---|---|---|---|---|---|---|---|---|---|---|---|---|
| Central Library (CL) | Central Library (CL) | General Stacks | 11/05/2013 | 2 | 629.13237 SCH | RCMS002259 | 07/24/2025 | 02/28/2023 | 11/05/2013 | Book | ||||||
| School of Interdisciplinary Engineering and Sciences (SINES) | School of Interdisciplinary Engineering and Sciences (SINES) | General Stacks | 12/27/2013 | 2 | 629.13237 SCH | RCMS001812 | 05/31/2023 | 02/07/2023 | 12/27/2013 | Book | 3 |
